| 000 | 00750nam a2200253Ia 4500 | ||
|---|---|---|---|
| 003 | OSt | ||
| 005 | 20220925223448.0 | ||
| 006 | a|||||r|||| 00| 0 | ||
| 007 | ta | ||
| 008 | 220923b |||||||| |||| 00| 0 eng d | ||
| 020 |
_a9780415405225 _c1660.8900000000001 |
||
| 037 |
_b46, 18/08/2008, Better Book Service _cGeneral Book |
||
| 040 |
_aRTL _cRTL _beng |
||
| 041 |
_2eng _aeng |
||
| 082 | _aX6:1, P8 | ||
| 100 |
_aBurton Dawn _920900 |
||
| 245 | 0 | _aCredit and consumer society | |
| 260 |
_aLondon _bRoutledge _c2008 |
||
| 300 |
_aviii,168p _ccm. |
||
| 500 | _aBibliography P 149-65 | ||
| 650 | _aCommerce | ||
| 942 |
_hX6:1, P8 _cGB _2CC |
||
| 999 |
_c579671 _d579671 |
||